Premier League Winners Minefield - Statistics

General Stats
  • This quiz has been taken 28 times
  • The average score is 6 of 15
Answers on the Grid
Answers color-coded by a green-red scale on the quiz's grid according to % correct below.
Steven Gerrard
Gianfranco Zola
Xabi Alonso
Matthew Le Tissier
Alexis Sanchez
Romelu Lukaku
Gareth Bale
Harry Kane
Jamie Carragher
Jermain Defoe
Gareth Bale
Luis Suarez
Marcel Desailly
Brad Friedel
Fernando Torres
Marcos Alonso
Willian
Joe Cole
Teddy Sheringham
Nicolas Anelka
Chris Sutton
Javier Hernández
Alan Shearer
Demari Gray
Jamie Vardy
Cole Palmer
Mateo Kovačić
Brahim Diaz
Gerard Pique
Juan Cuadrado
 
Answer Stats
Answer % Correct
Jamie Vardy
65%
Teddy Sheringham
65%
Alan Shearer
60%
Mateo Kovačić
60%
Gerard Pique
50%
Joe Cole
50%
Willian
50%
Javier Hernández
45%
Nicolas Anelka
45%
Marcos Alonso
30%
Chris Sutton
25%
Brahim Diaz
20%
Cole Palmer
15%
Juan Cuadrado
15%
Demari Gray
10%
No matching quizzes found
Score Distribution
Percent of People with Each Score
Percentile by Number Answered
Your Score History
You have not taken this quiz